| 000 | 00985cam a22002773a 4500 | ||
|---|---|---|---|
| 001 | 16119 | ||
| 003 | PGUSA | ||
| 005 | 20140828083338.0 | ||
| 008 | 050623s2005||||xxu|||||s|||||000 | eng d | ||
| 040 |
_aPGUSA _beng |
||
| 042 | _adc | ||
| 050 | 4 | _aPL | |
| 245 | 1 | 0 |
_aDoctrina Christiana : _bThe first book printed in the Philippines, Manila, 1593. _h[electronic resource] |
| 260 |
_bProject Gutenberg, _c2005 |
||
| 500 | _aA Facsimile of the copy in the Lessing J. Rosenwald Collection, Library of Congress, Washington, with an introductory essay by Edwin Wolf 2nd. | ||
| 506 | _aPublic domain in the USA. | ||
| 516 | _aElectronic text | ||
| 653 | _aCatholic Church -- Catechisms -- Tagalog | ||
| 653 | _aCatholic Church -- Catechisms -- Spanish | ||
| 653 | _aBlock books -- Facsimiles | ||
| 653 | _aTagalog language -- Texts | ||
| 700 | 1 |
_aWolf, Edwin, _d1911-1991 |
|
| 830 | 0 |
_aProject Gutenberg _v16119 |
|
| 856 | 4 | 0 | _uhttp://www.gutenberg.org/ebooks/16119 |
| 942 | _cEB | ||
| 999 |
_c245374 _d245374 |
||